Statistiken für Fußballer anhand von 3 Fakten erraten

Klicken Sie hier um das Quiz zu spielen!

Allgemein

  • Dieses Quiz wurde 712 mal gespielt
  • Das Durchschnittsergebnis liegt bei 10 aus 13

Antwortstatistiken

FaktFaktFaktAntwort% Korrekt
Gewann die WeltmeisterschaftArgentinierIst 1,70m großMessi
100%
Wechselte von Tottenham zu BayernStürmerEngländerKane
93%
Spielte bei Gladbach und wechselte zu BarcelonaGewann 2017 mit Deutschland den Confederations CupTorhüterTer Stegen
92%
Wechselte für unglaubliche 222 Millionen EuroWar einmal Spieler der Saison beim FC SantosFiel häufig durch Verletzungen ausNeymar
91%
Spielte bei DortmundWurde 2018 WeltmeisterWechselte bei einem seiner Transfers für 135 MillionenDembele
85%
Nach ihm wurde eine Auszeichnung benanntUngar324 Tore für Real MadridPuskas
83%
Innenverteidiger1x niederländischer Fußballer des JahresWechselte von Ajax zu JuventusDe Ligt
78%
Wurde im WM Finale 2010 zum Spieler des Spiels gewähltSpielte bei BarcelonaWechselte um seine Karriere ausklingen zu lassen nach JapanIniesta
77%
Feierte 2007 im Alter von nur 16 Jahren sein Debut für LOSC LilleBelgierWechselte von Chelsea zu Real MadridHazard
76%
Weltmeister 2014Wurde 8x Deutscher MeisterGab sein Debut 2003 gegen RostockLahm
64%
Traf im Champions League FinaleSpielte bei Bayer LeverkusenMikel Arteta ist einer seiner TrainerHavertz
61%
BrasilianerSpielte in seiner besten Zeit bei Real Madrid und AC MailandSein Heimatverein ist Sao PauloKaka
55%
Spielte bei NewcastleGewann einen Ballon d‘orWechselte von Liverpool zu Real MadridOwen
33%

Verteilung der Resultate

Perzentil nach korrekt beantworteten Fragen

Anzahl Personen mit jedem Resultat

Ihre Resultats-Entwicklung

Sie haben dieses Quiz noch nicht gespielt